Lowari Tunnel (Record no. 548577)
[ view plain ]
| 000 -LEADER | |
|---|---|
| fixed length control field | 00379nam a22001337a 4500 |
| 082 ## - DEWEY DECIMAL CLASSIFICATION NUMBER | |
| Classification number | 625.763 |
| Author Mark | ABD |
| 100 ## - MAIN ENTRY--PERSONAL NAME | |
| Personal name | A. Rashid Khan |
| 9 (RLIN) | 44923 |
| 245 ## - TITLE STATEMENT | |
| Title | Lowari Tunnel |
| Remainder of title | Government of N.W.F.P Alternative Proposal for the Construction of Lowari Tunnel |
| 250 ## - EDITION STATEMENT | |
| Edition statement | 2001 |
| 300 ## - PHYSICAL DESCRIPTION | |
| Extent | 27 P, : |
| 526 ## - STUDY PROGRAM INFORMATION NOTE | |
| Program name | 0 |
| Interest level | 0 |
| Reading level | 0 |
| Title point value | 625_763000000000000_ABD |
| 650 ## - SUBJECT ADDED ENTRY--TOPICAL TERM | |
| Topical term or geographic name entry element | MCE |
| 9 (RLIN) | 379 |
| 942 ## - ADDED ENTRY ELEMENTS (KOHA) | |
| Source of classification or shelving scheme | |
| Koha item type | Book |
| Withdrawn status | Lost status | Source of classification or shelving scheme | Damaged status | Not for loan | Permanent Location | Current Location | Date acquired | Total Checkouts | Full call number | Barcode | Date last seen | Price effective from | Koha item type |
|---|---|---|---|---|---|---|---|---|---|---|---|---|---|
| Military College of Engineering (MCE) | Military College of Engineering (MCE) | 09/01/2014 | 625.763 ABD | MCE-33840 | 09/01/2014 | 09/01/2014 | Book |
